000 00478pab a2200181 454500
008 180718b2013 xxu||||| |||| 00| 0 eng d
100 _aKaur, Gurleen
245 _aNexus between fiscal deficit and economic growth in India: An empirical investigation
260 _c2013
300 _ap.13-22.
362 _aApr-Jun
650 _aEconomic growth - India
650 _aEconomic growth
700 _aAhmed, Neetu
773 _aAbhigyan
908 _aN
909 _a101249
999 _c101248
_d101248